000 00994nam a2200217Ia 4500
003 GCL
008 140319s9999 xx 000 0 ara d
040 _aGCL /
_cGCL
082 0 4 _a029.73
_bب س
100 1 _aشوقى سالم \\=aبيكر، هال . بv \\=aعبدالفتاح الشاعرv
245 1 0 _aسرية وكمال المعلومات المفاهيم - البناء - الادارة :
_bمواجهة انتهاك سرية المعلومات فى مراكز الحاسبات الالكترونية /
_cشوقى سالم
260 _aالقاهرة :
_bمركز الاسكندرية للوسائط الثقافية والمكتبات ،
_c1998
300 _a325 ص ؛
_c24 سم
490 _aسلسلة المعلومات والحاسب الالكترونى
_v0
650 0 4 _aنظم المعلومات
650 0 4 _aالمعلومات
650 0 4 _aمراكز المعلومات
650 0 4 _aالتوثيق
650 0 4 _aنظرية المعلومات
942 _2ddc
_cBK
999 _c52189
_d52189